书目信息

书名: 党参栽培与加工新技术 
作者: 赵新礼 编著
出版信息: 北京   世界图书出版公司  1996.01
开本页数: 19cm  68页
丛书名: 农业两高一优技术丛书
单 册:
中图分类: S567
科图分类:
主题词: 经济作物
电子资源:
ISBN: 7-5062-2171-3
000 00646nam0 2200217 450
001 0639804594
005 20060220110358.85
010    @a7-5062-2171-3@dCNY4.00
100    @a20060220d1996 km y0chiy0120 ea
101 @achi
102    @aCN@b110000
200 @a党参栽培与加工新技术@Adang can zai pei yu jia gong xin ji shu@f赵新礼编著@Fzhao xin li bian zhu
210    @a北京@c世界图书出版公司@d1996.01
215    @a68页@d19cm
225 @a农业两高一优技术丛书
410  0 @12001 @a农业两高一优技术丛书
606 @a经济作物
690    @aS567@v4
701  0 @a赵新礼@Azhao xin li@4编著
801  0 @aCN@bNISOFT@c20060220
905    @a10447@dS567@e33
    
    党参栽培与加工新技术/赵新礼编著.-北京:世界图书出版公司,1996.01
    68页;19cm.-(农业两高一优技术丛书)
    
    
    ISBN 7-5062-2171-3:CNY4.00
    
相关链接 在五车中查询图书 在当当中查询图书 在豆瓣中查询图书


正题名:党参栽培与加工新技术     索取号:S567/33         预约/预借

序号 登录号 条形码 馆藏地/架位号 状态 备注
1 40244   200402448   柳城-4楼/15架12列2层/ [索取号:S567/33] 在馆    
2 40245   200402457   柳城-4楼/15架12列2层/ [索取号:S567/33] 在馆    
3 40246   200402466   柳城-4楼/15架12列2层/ [索取号:S567/33] 在馆